Mailand's clinical companion: an essential guide for students (Record no. 31934)
[ view plain ]
| 000 -LEADER | |
|---|---|
| fixed length control field | 00641nam a2200145 a 4500 |
| 008 - FIXED-LENGTH DATA ELEMENTS--GENERAL INFORMATION | |
| fixed length control field | 151116s2010 ||||||||||||||||| || u |
| 020 ## - INTERNATIONAL STANDARD BOOK NUMBER | |
| International Standard Book Number | 9780443069338 |
| 050 ## - LIBRARY OF CONGRESS CALL NUMBER | |
| Classification number | RT 51 Ban |
| 100 ## - MAIN ENTRY--PERSONAL NAME | |
| Personal name | Banks, Kevin |
| 245 10 - TITLE STATEMENT | |
| Title | Mailand's clinical companion: an essential guide for students |
| Statement of responsibility, etc. | By Kevin Banks [and] Elly Hengeveld |
| 260 ## - PUBLICATION, DISTRIBUTION, ETC. | |
| Place of publication, distribution, etc. | Edinburgh |
| Name of publisher, distributor, etc. | Churchill Livingstone/Elsevier |
| Date of publication, distribution, etc. | 2010 |
| 300 ## - PHYSICAL DESCRIPTION | |
| Extent | xiii, 684p.: ill. |
| 650 ## - SUBJECT ADDED ENTRY--TOPICAL TERM | |
| Topical term or geographic name entry element | NURSING--HANDBOOKS, MANUALS, ETC |
| 995 ## - | |
| -- | MEDICAL LIBRARY OPEN ACCESS |
| -- | 903270 |
| -- | CBU-SCHOOL OF MEDICINE LIBRARY (Ndola) |
| -- | 63.95 |
| -- | RT 51 Ban |
| -- | 1 |
| -- | AVAILABLE |
| -- | Dec 15, 2015 |
| -- | 903270 |
| -- | Medical Library Open Access Collection |
| 999 ## - | |
| -- | 31934 |
| -- | 31934 |
| Withdrawn status | Lost status | Source of classification or shelving scheme | Damaged status | Not for loan | Permanent Location | Current Location | Shelving location | Date acquired | Total Checkouts | Full call number | Barcode | Date last seen | Price effective from | Koha item type |
|---|---|---|---|---|---|---|---|---|---|---|---|---|---|---|
| CBU-SCHOOL OF MEDICINE LIBRARY, NDOLA. | CBU-SCHOOL OF MEDICINE LIBRARY, NDOLA. | 11/30/2022 | RT 51 Ban | 903270 | 11/30/2022 | 11/30/2022 | MONOGRAPH |